BSOP header

希臘文句型結構研究 A structural approach to Greek {ch} / (Record no. 7671)

MARC details
000 -LEADER
fixed length control field 00561nam a2200145 4500
008 - FIXED-LENGTH DATA ELEMENTS--GENERAL INFORMATION
fixed length control field 020221s1986 us eng
090 ## - LOCALLY ASSIGNED LC-TYPE CALL NUMBER (OCLC); LOCAL CALL NUMBER (OCLC)
Classification number (OCLC) (R) ; Classification number, CALL (RLIN) (NR) PA260
Local cutter number (OCLC) ; Book number/undivided call number, CALL (RLIN) L32s
100 1# - MAIN ENTRY--PERSONAL NAME
Personal name 納遜著 Larson, Donald N.
245 10 - TITLE STATEMENT
Title 希臘文句型結構研究 A structural approach to Greek {ch} /
Statement of responsibility, etc 納遜著 Donald N. Larson.
260 ## - PUBLICATION, DISTRIBUTION, ETC. (IMPRINT)
Place of publication, distribution, etc 浸宣出版社 Conservative Baptist,
Date of publication, distribution, etc c1986.
300 ## - PHYSICAL DESCRIPTION
Extent 514 p.
650 #4 - SUBJECT ADDED ENTRY--TOPICAL TERM
Topical term or geographic name as entry element 讀經/研經類-研經工具書 Greek language
General subdivision Gramma {ch}.
951 ## - EQUIVALENCE OR CROSS-REFERENCE-GEOGRAPHIC NAME/AREA NAME [OBSOLETE] [CAN/MARC only]
General subdivision 00009060
950 0# - LOCAL HOLDINGS (RLIN)
-- 50.00
951 ## - EQUIVALENCE OR CROSS-REFERENCE-GEOGRAPHIC NAME/AREA NAME [OBSOLETE] [CAN/MARC only]
-- C-1498
-- PA260/L32s
-- 070613111047250
-- 2000-12-21
-- REF-CH
Holdings
Withdrawn status Lost status Damaged status Not for loan Home library Current library Shelving location Date acquired Accession number Shelving control number Total Checkouts Full call number Barcode Date last seen Price effective from Koha item type
        BSOP Library BSOP Library Reference Chinese 12/21/2000 C-1498 127   PA260/L32s 00009060 02/23/2013 02/23/2013 Books
BSOP

Biblical Seminary of the Philippines
  All rights Reserved
  © 2024

CONTACT INFORMATION

Biblical Seminary of the Philippines,
  77-B Karuhatan Road, Valenzuela City,
  PHILIPPINES 1441
  Phone: +632 8292-6795 / 8292-6798
  Fax : +632 8292-6675
  Email: library@bsop.edu.ph